01471nam a2200349 a 4500001001200000003000800012006001900020007001500039008004100054010001700095020001800112020002700130040002100157035002100178050002300199082001400222100003300236245011400269260006200383300002200445490006900467504003100536533015200567650006000719655002900779700003400808700005300842710001700895830006600912856012600978999001701104ebr10642214CaPaEBRm u cr cn|||||||||760323s1966 pauh sb 000 0 eng d z 65024538  z9780812275247 z9780812206692 (e-book) aCaPaEBRcCaPaEBR a(OCoLC)79470095414aPR2714b.C5 1966eb04a822.32231 aMiddleton, Thomas,dd. 1627.14aThe changelingh[electronic resource] /cby Thomas Middleton and William Rowley ; edited by Matthew W. Black. aPhiladelphia :bUniversity of Pennsylvania Press,c[1966] a143 p. :bfacsim.1 aThe Mathew Carey library of English and American literature ;v3 aBibliographical footnotes. aElectronic reproduction.bPalo Alto, Calif. :cebrary,d2013.nAvailable via World Wide Web.nAccess may be limited to ebrary affiliated libraries. 0aEnglish dramayEarly modern and Elizabethan, 1500-1600. 7aElectronic books.2local1 aRowley, William,d1585?-1642?1 aBlack, Matthew W.q(Matthew Wilson),d1895-1978.2 aebrary, Inc. 0aMathew Carey library of English and American literature ;v3.40uhttp://site.ebrary.com/lib/rucke/Doc?id=10642214zAn electronic book accessible through the World Wide Web; click to view c43437d43437